On implementing relational databases on DNA strands
This work describes the theoretical bases of the implementation of relational databases in test tubes, using an abstract model of molecular computing. It specifies the representation of relations and the execution program of the relational algebra (RA) operations. We investigate the possibilities of...
Elmentve itt :
| Szerző: | |
|---|---|
| Testületi szerző: | |
| Dokumentumtípus: | Cikk |
| Megjelent: |
2003
|
| Sorozat: | Acta cybernetica
16 No. 2 |
| Kulcsszavak: | Számítástechnika, Kibernetika |
| Tárgyszavak: | |
| Online Access: | http://acta.bibl.u-szeged.hu/12721 |
| LEADER | 01199nab a2200229 i 4500 | ||
|---|---|---|---|
| 001 | acta12721 | ||
| 005 | 20220614154622.0 | ||
| 008 | 161015s2003 hu o 0|| eng d | ||
| 022 | |a 0324-721X | ||
| 040 | |a SZTE Egyetemi Kiadványok Repozitórium |b hun | ||
| 041 | |a eng | ||
| 100 | 1 | |a Katsányi István | |
| 245 | 1 | 3 | |a On implementing relational databases on DNA strands |h [elektronikus dokumentum] / |c Katsányi István |
| 260 | |c 2003 | ||
| 300 | |a 259-270 | ||
| 490 | 0 | |a Acta cybernetica |v 16 No. 2 | |
| 520 | 3 | |a This work describes the theoretical bases of the implementation of relational databases in test tubes, using an abstract model of molecular computing. It specifies the representation of relations and the execution program of the relational algebra (RA) operations. We investigate the possibilities of practical usage of the proposed model as well as the bounds of it. | |
| 650 | 4 | |a Természettudományok | |
| 650 | 4 | |a Számítás- és információtudomány | |
| 695 | |a Számítástechnika, Kibernetika | ||
| 710 | |a Conference for PhD Students in Computer Science (3.) (2002) (Szeged) | ||
| 856 | 4 | 0 | |u http://acta.bibl.u-szeged.hu/12721/1/cybernetica_016_numb_002_259-270.pdf |z Dokumentum-elérés |